Normal view
MARC view
Entry Personal Name
001 - CONTROL NUMBER
- control field: 65329
003 - CONTROL NUMBER IDENTIFIER
- control field: dpl
005 - DATE AND TIME OF LATEST TRANSACTION
- control field: 20240501124630.0
008 - FIXED-LENGTH DATA ELEMENTS
- fixed length control field: 240501|| aca||aabn | a|a d
040 ## - CATALOGING SOURCE
- Original cataloging agency: dpl
- Transcribing agency: dpl
100 ## - HEADING--PERSONAL NAME
- Personal name: शुल्क,व्योमेश
670 ## - SOURCE DATA FOUND
- Source citation: Work cat.: (dpl)202349: शुल्क,व्योमेश, गर्जियंनता/, 2024
